Một số vấn đề về dấu hiệu dụng học trong tiếng Anh /

Spremljeno u:
Bibliografski detalji
Glavni autor: Nguyễn Đăng Sửu.
Format: Članak
Jezik:Vietnamese
Teme:
Oznake: Dodaj oznaku
Bez oznaka, Budi prvi tko označuje ovaj zapis!
Thư viện lưu trữ: Thư viện Trường Đại học Đà Lạt
LEADER 00832nam a2200289 4500
001 DLU190189730
005 ##20190313
040 # # |a DLU  |b vie 
041 # # |a vie 
044 # # |a vn 
100 # # |a Nguyễn Đăng Sửu. 
245 # # |a Một số vấn đề về dấu hiệu dụng học trong tiếng Anh /  |c Nguyễn Đăng Sửu. 
653 # # |a Bình luận 
653 # # |a Giao tiếp 
653 # # |a Ngữ dụng tố 
653 # # |a Thông điệp 
653 # # |a Văn cảnh 
773 # # |t Ngôn ngữ & đời sống  |g Số 9(263), 2017, tr. 62-69 
920 # # |a Phòng Tạp chí -- Trung tâm Thông tin - Thư viện Trường Đại học Đà Lạt 
994 # # |a DLU 
900 # # |a True 
911 # # |a Hoàng Thị Huyền 
925 # # |a G 
926 # # |a A 
927 # # |a BB 
980 # # |a Thư viện Trường Đại học Đà Lạt